Statystyki dla Top 10 miast Niemiec pod względem ludności

Kliknij tutaj aby rozwiązać quiz!

Ogólne statystyki

  • Ten quiz został rozwiązany 49 razy
  • Średni wynik to 7 z 10

Statystyki odpowiedzi

LudnośćMiasto% Poprawnych
3,750,000Berlin
98%
1,488,000Monachium
96%
763,000Frankfurt
84%
1,845,000Hamburg
84%
588,000Dortmund
80%
1,084,000Kolonia
76%
598,000Lipsk
67%
620,500Dusseldorf
60%
630,000Stuttgart
53%
582,000Essen
44%

Rozkład punktacji

Percentyl według liczby udzielonych odpowiedzi

Procent ludzi z każdym wynikiem

Twoja historia wyników

Nie rozwiązałeś tego quizu